| 000 | 00459nam a22001697a 4500 | ||
|---|---|---|---|
| 003 | BD-ChCU | ||
| 005 | 20251208143550.0 | ||
| 008 | 251208b bg ||||| |||| 00| 0 ben d | ||
| 040 | _cBD-ChCU | ||
| 082 | _a510 STM | ||
| 100 |
_aStephenson, G. _917726 |
||
| 245 |
_aMathematical methods for science students.// _cG. Stephenson. |
||
| 260 |
_aLondon _bLongman _c1966 |
||
| 300 | _aviii, 494p | ||
| 650 | 0 |
_aMathematics - Applied _917727 |
|
| 942 |
_2ddc _cBK _n0 |
||
| 999 |
_c110245 _d110245 |
||